000 00492nam a2200181Ia 4500
005 20250508160726.0
008 008 250505s9999 xx 000 0 eng d
037 _aTextual
040 _aFEDL
_beng
_cFEDL
041 _aeng
_2eng
084 _a540, PUR
_qFEDL
100 _aPuri B R
_9593039
245 0 _aCombined course in Chemistry Vol. 1
260 _aJalandhar, India
_bS Nagin and Company
300 _a468p.
942 _cTEXL
_h540, PUR
999 _c1366252
_d1366252